| 000 | 00334nam a2200133Ia 4500 | ||
|---|---|---|---|
| 008 | 191014s9999 xx 000 0 und d | ||
| 020 | _aLC 60-11795 | ||
| 082 |
_a531.01517 _bLAN |
||
| 100 |
_aL.D. Landau and E.M. Lifshitz _920389 |
||
| 245 | 0 | _aMechanics | |
| 260 |
_aUSA _bAddison Wesley _c1960 |
||
| 300 | _aVii,165 | ||
| 942 | _cBK | ||
| 999 |
_c530968 _d530968 |
||